| 000 | 00580nam a22001937a 4500 | ||
|---|---|---|---|
| 005 | 20251108172902.0 | ||
| 008 | 250721s2004 xx 000 0 ara d | ||
| 082 | 1 | 4 | _a214.5/أيو |
| 100 | 1 |
_aايوب، حسن _eمؤلف |
|
| 245 | 1 | 0 | _aرحلة الخلود / |
| 250 | _aط/2 | ||
| 264 | 1 |
_aالقاهره : _bدار السلام للطباعه و النشر و التوزيع و الترجمه، _c2004. |
|
| 300 | _a221ص. | ||
| 650 | 1 | 7 | _aاليوم الآخر |
| 650 | 1 | 7 | _aالموت |
| 650 | 1 | 7 | _aالفقه الإسلامي |
| 942 |
_2ddc _cBK |
||
| 999 |
_c90937 _d90937 |
||